000 00642nam a2200205Ia 4500
003 OSt
005 20250515110642.0
008 210210b1975 xxu||||| |||| 00| 0 eng d
040 _cAL
041 _aKannada
082 _a398.2K BHAV
100 _aBHATTA (G S).
_dಭಟ್ಟ (ಜಿ ಎಸ್)
_9210029
245 _aVaijayanti. (yakshagana samikshe).
_bವೈಜಯಂತಿ (ಯಕ್ಷಗಾನ ಸಮೀಕ್ಷೆ)
260 _aMaisuru.
_bUttara Kannada Jilla Samskratika Sangha (Ri).,
_c1975
300 _a164
650 _aYakshagana Samikshe
_9210030
690 _aYakshagana
_9210031
906 _a034280
942 _2ddc
_cBK
999 _c84945
_d84945